Piłkarska kariera Jarego Litmanena. - Statystyki

Ogólne statystyki
  • Ten quiz został rozwiązany 25 razy
  • Średni wynik to 5 z 13
Statystyki odpowiedzi
Lata Drużyna % Poprawnych
1992-1999 Ajax
83%
2002-2004 Ajax
83%
1999-2001 Barcelona
83%
1991-1992 HJK Helsinki
39%
2011-2012 HJK Helsinki
39%
2005-2008 Malmo
35%
2001-2002 Liverpool
30%
2005-2005 Hansa Rostock
22%
2004-2005 Lahti
22%
2008-2011 Lahti
22%
1992-1992 MYPA
22%
2008-2008 Fulham
17%
1987-1991 Reipas Lahti
4%
Nie znaleziono quizów pasujących do podanych kryteriów
Rozkład punktacji
Procent ludzi z każdym wynikiem
Percentyl według liczby udzielonych odpowiedzi
Twoja historia wyników
Nie rozwiązałeś tego quizu